| Tag |
First Indicator |
Second Indicator |
Subfields |
| LEADER |
00000pam a2200000 a 4500 |
| 001 |
in00001517721 |
| 005 |
20151021162914.0 |
| 008 |
000131s1999 nyua b 001 0 eng |
| 010 |
|
|
|a 99034841
|
| 015 |
|
|
|a GB99-W5437
|
| 020 |
|
|
|a 0195124499 (alk. paper)
|
| 035 |
|
|
|a (OCoLC)41516554
|
| 040 |
|
|
|a DLC
|c DLC
|d UKM
|d C#P
|d VVC
|d TXA
|d UtOrBLW
|
| 049 |
|
|
|a TXAM
|
| 050 |
0 |
0 |
|a HD69.S8
|b C68 1999
|
| 082 |
0 |
0 |
|a 338.7/61004/0973
|2 21
|
| 100 |
1 |
|
|a Cortada, James W.
|
| 245 |
1 |
0 |
|a Into the networked age :
|b how IBM and other firms are getting there now /
|c James W. Cortada, Thomas S. Hargraves, with Edward Wakin and an IBM team of consultants.
|
| 264 |
|
1 |
|a New York :
|b Oxford University Press,
|c 1999.
|
| 300 |
|
|
|a xxi, 233 pages :
|b illustrations ;
|c 24 cm.
|
| 336 |
|
|
|a text
|b txt
|2 rdacontent
|
| 337 |
|
|
|a unmediated
|b n
|2 rdamedia
|
| 338 |
|
|
|a volume
|b nc
|2 rdacarrier
|
| 504 |
|
|
|a Includes bibliographical references (pages 215-223) and index.
|
| 505 |
0 |
|
|a The challenge of change, the response of transformation -- How the rules of the game are changing -- Making customers into partners -- Managing knowledge: issues and implications -- How to manage knowledge -- The leveraging of knowledge -- The "X" factor in transformation -- Process management in action -- Working partners: strategy and technology -- Technologies for today and tomorrow -- Leading the way.
|
| 610 |
2 |
0 |
|a International Business Machines Corporation.
|
| 650 |
|
0 |
|a Business networks.
|
| 650 |
|
0 |
|a International business enterprises
|x Management.
|
| 650 |
|
0 |
|a Strategic alliances (Business)
|
| 610 |
2 |
4 |
|a International Business Machines Corporation.
|
| 650 |
|
4 |
|a Business networks.
|
| 650 |
|
4 |
|a International business enterprises
|x Management.
|
| 700 |
1 |
|
|a Hargraves, Thomas S.
|
| 700 |
1 |
|
|a Wakin, Edward.
|
| 710 |
2 |
|
|a International Business Machines Corporation.
|
| 994 |
|
|
|a E0
|b TXA
|
| 948 |
|
|
|a cataloged
|b h
|c 2000/1/31
|d c
|e bwalker
|f 11:29:47 am
|
| 999 |
|
|
|a MARS
|
| 999 |
f |
f |
|s a82eca8d-9d05-353d-8d8b-b47dee713cd1
|i 67d4ded5-8e02-32a5-a723-04dda5d51688
|t 0
|
| 952 |
f |
f |
|p ric
|a Texas A&M University
|b Rellis Campus
|c Joint Library Facility
|d Remote Storage
|t 0
|e HD69.S8 C68 1999
|h Library of Congress classification
|i unmediated -- volume
|m A14825570441
|
| 998 |
f |
f |
|a HD69.S8 C68 1999
|t 0
|l Remote Storage
|